Naisten Korisliiga - Mitalistit - Statistics

Yleistilastot
  • Tätä visaa on pelattu 41 kertaa
  • Keskiarvotulos 12 / 32
Vastaustilastot
Kultaa Hopeaa Pronssia Yht. Joukkue % Oikein
1 2 3 6 Torpan Pojat
100%
9 4 6 19 Peli-Karhut
91%
5 3 2 10 Pantterit
88%
8 2 2 12 Tampereen Pyrintö
85%
9 4 13 Honka
82%
2 4 3 9 Pussihukat
82%
6 7 1 14 Catz
79%
1 3 4 Helsingin NMKY
73%
1 1 2 4 Hyvinkään Ponteva
67%
1 2 3 Forssan Koripojat
58%
1 1 Vimpelin Veto
52%
8 2 2 11 Forssan Alku
48%
1 1 KTP
48%
1 1 5 7 EBT
39%
1 1 2 Kouvottaret
36%
1 3 4 Porin Veto
36%
2 2 1 5 Helsingin Visa
33%
1 1 4 6 Turun Riento
33%
1 5 2 8 Äänekosken Huima
27%
6 12 18 Karhun Pojat
9%
8 5 6 19 Lahden Sampo
9%
1 1 2 BC Nokia
6%
3 2 5 Helsingin Tarmo
3%
6 6 Helsingin Työväen Uimarit
3%
2 1 1 4 Jyväskylän Kiri
3%
1 1 2 4 Lahden Koripalloilijat
3%
2 2 Porin Palloilijat
3%
3 1 4 Eiran Kisa-Veikot
0%
2 1 3 Kilven Urheilijat
0%
8 2 1 11 Nokian Urheilijat
0%
1 2 3 Turun Urheiluliitto
0%
1 8 3 12 Työväen Maila-Pojat
0%
Ehtoja vastaavia visoja ei löytynyt
Tulosjakauma
Jokaisen tuloksen saaneiden osuus
Persentiili vastausten määrän mukaan
Tuloshistoriasi
Et ole pelannut tätä visaa